| 000 | 00959nam a2200361 a 4500 | ||
|---|---|---|---|
| 001 | vtls000345280 | ||
| 003 | NLI | ||
| 005 | 20210602164154.0 | ||
| 008 | 110113s2005 mau g 001 0 eng d | ||
| 020 |
_a0631235949 _c£ 45.00 |
||
| 020 | _a0631235957 (pbk.) | ||
| 039 | 9 |
_y201101131936 _zVLOAD |
|
| 040 |
_aNLI : _beng _cNLMARC21 |
||
| 041 | _aeng | ||
| 044 | _amau | ||
| 082 | 0 |
_a170 _222 |
|
| 100 | 1 |
_aTrigg, Roger _9163351 |
|
| 245 | 1 | 0 |
_aMorality matters/ _cRogger Trigg |
| 260 |
_aMalden, Mass. : _bBlackwell, _c2005 |
||
| 300 |
_aviii, 179 p.; _c24 cm. |
||
| 504 | _aGlossary : 168 - 172 | ||
| 504 | _aIncludes bibliographical references and index | ||
| 650 | 0 |
_aEthics _91373 |
|
| 650 | 0 |
_aPolitical ethics _97952 |
|
| 887 | _atapas ss | ||
| 901 |
_a548277 _b23.09.04. |
||
| 902 | _aE 170 T 734 | ||
| 904 | _atapas | ||
| 905 | _ass | ||
| 949 |
_AVIRTUAITEM _D10012 _X100 _6548277 |
||
| 942 |
_2ddc _cBKS |
||
| 999 |
_aVIRTUA40 _c302012 _d302012 |
||